[Event "BL2-Nord 2324"]
[Site "Germany"]
[Date "2024.03.16"]
[Round "9.8"]
[White "Jakubowski, Krzysztof"]
[Black "Mueller, Fabian"]
[Result "1-0"]
[WhiteElo "2472"]
[BlackElo "2309"]
[PlyCount "69"]
[EventDate "2023.10.21"]
[EventType "team-tourn"]
[EventRounds "10"]
[EventCountry "GER"]
[SourceTitle "EXT 2025"]
[Source "ChessBase"]
[SourceDate "2024.10.14"]
[SourceVersion "1"]
[SourceVersionDate "2024.10.14"]
[SourceQuality "1"]
[WhiteTeam "Berlin SF"]
[BlackTeam "St Pauli"]
[WhiteTeamCountry "GER"]
[BlackTeamCountry "GER"]

1. e4 c5 2. Nf3 Nc6 3. d4 cxd4 4. Nxd4 e5 5. Nb5 d6 6. N1c3 a6 7. Na3 b5 8. Nd5 Nf6 9. Bg5 Be7 10. Bxf6 Bxf6 11. c3 Bg5 12. Nc2 Rb8 13. g3 0-0 14. h4 Bh6 15. Bh3 Be6 16. Ncb4 Nxb4 17. Nxb4 Qb6 18. Bxe6 fxe6 19. 0-0 Rf6 20. Nd3 Rbf8 21. Qe2 Qc6 22. Rad1 Qc4 23. a3 Rf3 24. Kg2 d5 25. Rfe1 Be3 26. fxe3 Qxe4 27. Kh2 Qf5 28. Qg2 h6 29. Qh3 Qf6 30. Rd2 Rf7 31. h5 e4 32. Nf4 e5 33. Qc8+ Kh7 34. Ng6 Rf2+ 35. Kh3 1-0

[Event "BL2-Nord 2324"]
[Site "Germany"]
[Date "2023.12.03"]
[Round "4.8"]
[White "Mueller, Fabian"]
[Black "Schoene, Maria"]
[Result "1/2-1/2"]
[WhiteElo "2309"]
[BlackElo "2179"]
[PlyCount "74"]
[EventDate "2023.10.21"]
[EventType "team-tourn"]
[EventRounds "10"]
[EventCountry "GER"]
[SourceTitle "EXT 2025"]
[Source "ChessBase"]
[SourceDate "2024.10.14"]
[SourceVersion "1"]
[SourceVersionDate "2024.10.14"]
[SourceQuality "1"]
[WhiteTeam "St Pauli"]
[BlackTeam "Magdeburg"]
[WhiteTeamCountry "GER"]
[BlackTeamCountry "GER"]

1. e4 c5 2. Nf3 d6 3. d4 cxd4 4. Nxd4 Nf6 5. Nc3 g6 6. Be3 Bg7 7. f3 Nc6 8. Qd2 0-0 9. 0-0-0 Nxd4 10. Bxd4 Be6 11. Kb1 Qc7 12. g4 Rfc8 13. h4 Qa5 14. a3 Rab8 15. h5 b5 16. hxg6 hxg6 17. g5 Nh5 18. Bxg7 Kxg7 19. Qd4+ Kg8 20. Nd5 Bxd5 21. exd5 b4 22. a4 Qc5 23. Qxc5 Rxc5 24. Bb5 Rb6 25. Rh4 a6 26. Bd7 Rb7 27. Bc6 Rb8 28. Rd2 e5 29. Ka2 Kg7 30. Kb3 a5 31. Rdh2 f6 32. gxf6+ Kxf6 33. Rc4 Rxc4 34. Kxc4 Kg7 35. Rh4 Nf4 36. Rh2 Rb6 37. Bd7 Rb7 1/2-1/2

[Event "BL2-Nord 2324"]
[Site "Germany"]
[Date "2023.12.02"]
[Round "3.8"]
[White "Hoerstmann, Rudi"]
[Black "Mueller, Fabian"]
[Result "1-0"]
[WhiteElo "2198"]
[BlackElo "2309"]
[PlyCount "73"]
[EventDate "2023.10.21"]
[EventType "team-tourn"]
[EventRounds "10"]
[EventCountry "GER"]
[SourceTitle "EXT 2025"]
[Source "ChessBase"]
[SourceDate "2024.10.14"]
[SourceVersion "1"]
[SourceVersionDate "2024.10.14"]
[SourceQuality "1"]
[WhiteTeam "Lister Turm II"]
[BlackTeam "St Pauli"]
[WhiteTeamCountry "GER"]
[BlackTeamCountry "GER"]

1. g3 f5 2. Nf3 Nf6 3. Bg2 d6 4. d4 g6 5. 0-0 Bg7 6. c4 0-0 7. Nc3 Qe8 8. d5 a5 9. Nd4 Na6 10. e4 fxe4 11. Nxe4 Nxe4 12. Bxe4 Nc5 13. Bg2 Bd7 14. Bg5 Qf7 15. Qd2 Rac8 16. Rae1 Rfe8 17. Re3 Be5 18. Rfe1 Qg7 19. Nf3 Bxb2 20. Bxe7 a4 21. h4 a3 22. Kh2 Ra8 23. Bh3 Bxh3 24. Kxh3 Qf7 25. Ng5 Qf5+ 26. Kg2 Qg4 27. f4 Qf5 28. h5 gxh5 29. Nf3 b5 30. Nh4 Qg4 31. cxb5 Ra4 32. b6 cxb6 33. Bxd6 Rxe3 34. Rxe3 Ne4 35. Qc2 Nxd6 36. Qxa4 Bf6 37. Qc6 1-0

[Event "BL2-Nord 2324"]
[Site "Germany"]
[Date "2023.10.21"]
[Round "1.8"]
[White "Mueller, Fabian"]
[Black "Klenburg, Mikhail"]
[Result "1/2-1/2"]
[WhiteElo "2309"]
[BlackElo "2329"]
[PlyCount "154"]
[EventDate "2023.10.21"]
[EventType "team-tourn"]
[EventRounds "10"]
[EventCountry "GER"]
[SourceTitle "EXT 2025"]
[Source "ChessBase"]
[SourceDate "2024.10.14"]
[SourceVersion "1"]
[SourceVersionDate "2024.10.14"]
[SourceQuality "1"]
[WhiteTeam "St Pauli"]
[BlackTeam "Zehlendorf"]
[WhiteTeamCountry "GER"]
[BlackTeamCountry "GER"]

1. e4 d6 2. d4 Nf6 3. Nc3 g6 4. Be3 c6 5. Qd2 Nbd7 6. Nf3 e5 7. Be2 Bg7 8. 0-0 0-0 9. Rad1 Qe7 10. Bg5 Re8 11. Rfe1 Nf8 12. d5 c5 13. h3 a6 14. a4 N8d7 15. Nh2 Qf8 16. Rb1 Kh8 17. a5 Ng8 18. Na4 f6 19. Be3 f5 20. f3 Ngf6 21. Qd3 Nh5 22. b4 cxb4 23. Rxb4 Bf6 24. exf5 Nc5 25. Nxc5 dxc5 26. Rc4 gxf5 27. Bxc5 Qg7 28. Bf1 Bd7 29. Rb4 Nf4 30. Qd2 Rac8 31. Be3 Nxh3+ 32. Kh1 f4 33. Ba7 Bf5 34. Rc4 Ng5 35. d6 Rxc4 36. Bxc4 Bd7 37. Rb1 Bc6 38. Bd5 Qd7 39. Bxc6 bxc6 40. Ng4 Bd8 41. Bb6 Ne4 42. fxe4 Qxg4 43. d7 Rg8 44. Rb3 Qg6 45. Qe2 Qe6 46. Rd3 Qg6 47. Rh3 Qg7 48. Rd3 Qg6 49. Qf3 Rf8 50. Qh3 Qg5 51. Bxd8 Rxd8 52. Qe6 Kg7 53. Kg1 Rb8 54. Kh2 Rd8 55. Qxc6 Qh4+ 56. Kg1 Qe1+ 57. Kh2 Qh4+ 58. Rh3 Qe7 59. Qh6+ Kg8 60. Rh5 Rxd7 61. Rg5+ Kh8 62. Qh5 Qf7 63. Qg4 Rc7 64. Rxe5 Rxc2 65. Qg5 Rc7 66. Qd8+ Kg7 67. Rf5 Qe7 68. Qd4+ Kg6 69. Rxf4 Rc5 70. Rg4+ Rg5 71. e5 Rxg4 72. Qxg4+ Kh6 73. Qf4+ Kg6 74. Qg4+ Kh6 75. e6 Qd6+ 76. g3 Qd2+ 77. Kh3 Qh2+ 1/2-1/2

[Event "Oberliga Nord N 2223"]
[Site "Germany"]
[Date "2023.02.05"]
[Round "5.1"]
[White "Schulenburg, Fabian"]
[Black "Mueller, Fabian"]
[Result "1/2-1/2"]
[WhiteElo "2317"]
[BlackElo "2311"]
[PlyCount "76"]
[EventDate "2022.10.23"]
[EventType "team-tourn"]
[EventRounds "9"]
[EventCountry "GER"]
[SourceTitle "EXT 2025"]
[Source "ChessBase"]
[SourceDate "2024.10.14"]
[SourceVersion "1"]
[SourceVersionDate "2024.10.14"]
[SourceQuality "1"]
[WhiteTeam "Hamburg Diogenes"]
[BlackTeam "St Pauli II"]
[WhiteTeamCountry "GER"]
[BlackTeamCountry "GER"]

1. e4 c5 2. Nf3 e6 3. b3 b6 4. Bb2 Bb7 5. Qe2 d6 6. g3 Nd7 7. Bg2 Ngf6 8. d3 Be7 9. 0-0 0-0 10. Nbd2 Qc7 11. e5 dxe5 12. Nxe5 Bxg2 13. Kxg2 Nxe5 14. Bxe5 Qb7+ 15. Kg1 Nd7 16. Bb2 Bf6 17. Bxf6 Nxf6 18. Ne4 Nxe4 19. dxe4 Rfd8 20. Rfd1 g6 21. c3 h5 22. Rd3 c4 23. bxc4 Rxd3 24. Qxd3 Qc7 25. Rd1 Rc8 26. Qd7 Qxd7 27. Rxd7 Rxc4 28. Rxa7 Rxe4 29. Rb7 Ra4 30. Rxb6 Rxa2 31. h4 Kg7 32. Kg2 Kf6 33. Kf3 Kf5 34. Rb7 f6 35. Rb6 e5 36. Rc6 Rc2 37. Ke3 g5 38. hxg5 fxg5 1/2-1/2

[Event "BL2-Nord 1920"]
[Site "Germany"]
[Date "2019.10.20"]
[Round "2.7"]
[White "Van Delft, Merijn"]
[Black "Mueller, Fabian"]
[Result "1-0"]
[WhiteElo "2348"]
[BlackElo "2338"]
[PlyCount "61"]
[EventDate "2019.10.19"]
[EventType "team-tourn"]
[EventRounds "9"]
[EventCountry "GER"]
[SourceTitle "CBM 194 Extra"]
[Source "ChessBase"]
[SourceDate "2020.03.31"]
[SourceVersion "1"]
[SourceVersionDate "2020.03.31"]
[SourceQuality "1"]
[WhiteTeam "Hamburger SK II"]
[BlackTeam "St Pauli"]
[WhiteTeamCountry "GER"]
[BlackTeamCountry "GER"]

1. e4 c5 2. Nf3 e6 3. d4 cxd4 4. Nxd4 Qc7 5. Nb5 Qe5 6. N1c3 Nc6 7. f4 Qb8 8. Be3 a6 9. Nd4 Nge7 10. Qf3 b5 11. Nb3 Bb7 12. Nc5 d6 13. Nxb7 Qxb7 14. 0-0-0 Nc8 15. Kb1 g6 16. g4 Bg7 17. Bc1 Nd4 18. Qe3 b4 19. Na4 Nb5 20. Bc4 0-0 21. h4 Rb8 22. h5 Na3+ 23. bxa3 bxa3+ 24. Bb3 Qb4 25. hxg6 hxg6 26. Nb2 axb2 27. Bd2 Qb7 28. Qh3 Re8 29. Bc3 e5 30. f5 Qxe4 31. Bd5 1-0

[Event "Prague Summer op 2nd"]
[Site "Prague"]
[Date "2015.08.14"]
[Round "9"]
[White "Mueller, Fabian"]
[Black "Shevchenko, Kirill"]
[Result "1/2-1/2"]
[WhiteElo "2319"]
[BlackElo "2265"]
[PlyCount "85"]
[EventDate "2015.08.07"]
[EventType "swiss"]
[EventRounds "9"]
[EventCountry "CZE"]
[SourceTitle "CBM 167 Extra"]
[Source "ChessBase"]
[SourceDate "2015.09.14"]
[SourceVersion "1"]
[SourceVersionDate "2015.09.14"]
[SourceQuality "1"]

1. d4 Nf6 2. c4 g6 3. Nc3 Bg7 4. Nf3 0-0 5. Bg5 c5 6. d5 d6 7. e3 Qa5 8. Nd2 a6 9. a4 h6 10. Bh4 e5 11. Be2 Nbd7 12. 0-0 Re8 13. Ra3 Qc7 14. a5 Nf8 15. Qb1 N6h7 16. f3 h5 17. b4 f5 18. Na4 Nd7 19. Bf2 Bh6 20. Rd1 Nhf6 21. e4 Bxd2 22. Rxd2 cxb4 23. Qxb4 fxe4 24. c5 Nxc5 25. Nxc5 dxc5 26. Bxc5 Bf5 27. d6 Qd7 28. Bd1 Qb5 29. Qxb5 axb5 30. Bb6 Rec8 31. Re3 Rc1 32. Kf2 exf3 33. gxf3 Nd7 34. Bb3+ Kg7 35. Bd5 Nxb6 36. axb6 Raa1 37. Rxe5 Kf6 38. Ree2 Rf1+ 39. Ke3 Ra3+ 40. Kd4 Ra4+ 41. Ke3 Ra3+ 42. Kd4 Ra4+ 43. Ke3 1/2-1/2

[Event "Prague Summer op 2nd"]
[Site "Prague"]
[Date "2015.08.11"]
[Round "6"]
[White "Zhou, Guijue"]
[Black "Mueller, Fabian"]
[Result "1/2-1/2"]
[WhiteElo "2207"]
[BlackElo "2319"]
[PlyCount "68"]
[EventDate "2015.08.07"]
[EventType "swiss"]
[EventRounds "9"]
[EventCountry "CZE"]
[SourceTitle "CBM 167 Extra"]
[Source "ChessBase"]
[SourceDate "2015.09.14"]
[SourceVersion "1"]
[SourceVersionDate "2015.09.14"]
[SourceQuality "1"]

1. e4 e6 2. d4 c5 3. c3 d5 4. exd5 exd5 5. dxc5 Bxc5 6. Nf3 Nc6 7. Bd3 Nf6 8. 0-0 0-0 9. Bg5 Qd6 10. Nbd2 Bg4 11. Qa4 Bh5 12. Qh4 Bg6 13. Bxg6 fxg6 14. Rad1 Rae8 15. Bxf6 Rxf6 16. b4 Bb6 17. Ng5 h6 18. Nde4 Qf4 19. Nxf6+ Qxf6 20. Nf3 Qxc3 21. Rxd5 Nxb4 22. Rd7 Nd3 23. h3 g5 24. Qh5 Rf8 25. Qg6 Nxf2 26. Kh2 Bc7+ 27. Kg1 Bb6 28. Kh2 Rxf3 29. gxf3 Qb2 30. Qe6+ Kh7 31. Qf5+ Kh8 32. Qf8+ Kh7 33. Qf5+ Kh8 34. Qf8+ Kh7 1/2-1/2

[Event "Prague Summer op 2nd"]
[Site "Prague"]
[Date "2015.08.10"]
[Round "5"]
[White "Mueller, Fabian"]
[Black "Merkesvik, Sondre"]
[Result "1-0"]
[WhiteElo "2319"]
[BlackElo "2185"]
[PlyCount "71"]
[EventDate "2015.08.07"]
[EventType "swiss"]
[EventRounds "9"]
[EventCountry "CZE"]
[SourceTitle "CBM 167 Extra"]
[Source "ChessBase"]
[SourceDate "2015.09.14"]
[SourceVersion "1"]
[SourceVersionDate "2015.09.14"]
[SourceQuality "1"]

1. b3 d5 2. Bb2 Nf6 3. e3 c5 4. Nf3 Nc6 5. Bb5 Bg4 6. h3 Bxf3 7. Bxc6+ bxc6 8. Qxf3 Qc7 9. 0-0 e5 10. d3 Bd6 11. e4 Rb8 12. Nc3 Qb7 13. Na4 0-0 14. Ba3 Qe7 15. Rfe1 c4 16. Bxd6 Qxd6 17. dxc4 Nxe4 18. cxd5 cxd5 19. c4 f5 20. cxd5 Qxd5 21. Nc3 Nxc3 22. Qxc3 e4 23. Rad1 Qf7 24. Rd6 h6 25. Qd4 Rb7 26. Rc1 Re7 27. Qc4 Qxc4 28. Rxc4 Rf6 29. Rxf6 gxf6 30. Rc5 f4 31. Rf5 e3 32. Kf1 exf2 33. Rxf6 Re1+ 34. Kxf2 Ra1 35. Ra6 h5 36. Rxa7 1-0

[Event "Prague Summer op 2nd"]
[Site "Prague"]
[Date "2015.08.07"]
[Round "1"]
[White "Mueller, Fabian"]
[Black "Hund, Sarah"]
[Result "1-0"]
[WhiteElo "2319"]
[BlackElo "1985"]
[PlyCount "81"]
[EventDate "2015.08.07"]
[EventType "swiss"]
[EventRounds "9"]
[EventCountry "CZE"]
[SourceTitle "CBM 167 Extra"]
[Source "ChessBase"]
[SourceDate "2015.09.14"]
[SourceVersion "1"]
[SourceVersionDate "2015.09.14"]
[SourceQuality "1"]

1. d4 Nf6 2. c4 e6 3. Nf3 Bb4+ 4. Nbd2 0-0 5. a3 Bxd2+ 6. Bxd2 d6 7. Qc2 Nc6 8. Bg5 e5 9. d5 Nb8 10. e4 Nbd7 11. Be2 h6 12. Be3 a5 13. b3 Qe8 14. Nd2 Nc5 15. 0-0 Ng4 16. Bxg4 Bxg4 17. b4 axb4 18. axb4 Na6 19. Qb3 f5 20. f3 f4 21. Bf2 Bd7 22. Ra3 Qg6 23. Kh1 Rad8 24. c5 dxc5 25. bxc5 Bc8 26. Nc4 Kh7 27. Nxe5 Qg5 28. Qb2 Nb8 29. Rc1 Rde8 30. Bd4 Rf6 31. Ra8 Na6 32. c6 b6 33. Ra1 Nc5 34. Bxc5 bxc5 35. Nd7 Rg6 36. Nxc5 Bh3 37. R8a2 Qh5 38. Qc3 Bxg2+ 39. Rxg2 Rxg2 40. Kxg2 Re5 41. Ne6 1-0

[Event "Dresden ZMD op 23rd"]
[Site "Dresden"]
[Date "2014.08.22"]
[Round "8"]
[White "Namyslo, Holger"]
[Black "Mueller, Fabian"]
[Result "0-1"]
[WhiteElo "2211"]
[BlackElo "2324"]
[PlyCount "118"]
[EventDate "2014.08.15"]
[EventType "swiss"]
[EventRounds "9"]
[EventCountry "GER"]
[SourceTitle "CBM 161 Extra"]
[Source "ChessBase"]
[SourceDate "2014.08.29"]
[SourceVersion "1"]
[SourceVersionDate "2014.08.29"]
[SourceQuality "1"]

1. e4 c5 2. Nf3 e6 3. d4 cxd4 4. Nxd4 Nc6 5. Nc3 Qc7 6. g3 a6 7. Bg2 d6 8. 0-0 Bd7 9. a4 Nf6 10. Nb3 Be7 11. a5 0-0 12. f4 b5 13. Qe2 Rae8 14. g4 b4 15. Nd1 Nb8 16. g5 Bb5 17. Qd2 Nh5 18. Rf2 e5 19. f5 Nf4 20. h4 h6 21. f6 gxf6 22. gxh6 Kh8 23. h7 f5 24. Ne3 Bxh4 25. Nxf5 Bxf2+ 26. Qxf2 Qd8 27. Bxf4 exf4 28. Qd4+ Re5 29. Nxd6 Nc6 30. Qd2 f3 31. Bxf3 Qh4 32. Nxb5 Rxb5 33. Qd6 Rc8 34. Rf1 Rg5+ 35. Bg2 Qg4 36. Rf2 Rd8 37. Qf6+ Rg7 38. Nd2 Qg5 39. e5 Rxd2 40. Qxg5 Rd1+ 41. Kh2 Rxg5 42. Bxc6 Rd4 43. Bg2 Rh4+ 44. Bh3 Rxh7 45. Re2 Rgh5 46. Re3 Kg8 47. Kg2 Kf8 48. c3 Rh4 49. Bc8 Rh2+ 50. Kg3 Rxb2 51. cxb4 Rxb4 52. Bxa6 Ra4 53. e6 f6 54. Bc8 Rxa5 55. Rd3 Rg5+ 56. Kf2 Rh2+ 57. Kf1 Rc5 58. Rd8+ Ke7 59. Rd7+ Ke8 0-1

[Event "Dresden ZMD op 23rd"]
[Site "Dresden"]
[Date "2014.08.18"]
[Round "4"]
[White "Kravtsiv, Martyn"]
[Black "Mueller, Fabian"]
[Result "0-1"]
[WhiteElo "2572"]
[BlackElo "2324"]
[PlyCount "70"]
[EventDate "2014.08.15"]
[EventType "swiss"]
[EventRounds "9"]
[EventCountry "GER"]
[SourceTitle "CBM 161 Extra"]
[Source "ChessBase"]
[SourceDate "2014.08.29"]
[SourceVersion "1"]
[SourceVersionDate "2014.08.29"]
[SourceQuality "1"]

1. e4 c5 2. Nf3 e6 3. d4 cxd4 4. Nxd4 Nc6 5. Nc3 Qc7 6. Be2 a6 7. 0-0 Nf6 8. Be3 Bb4 9. Na4 0-0 10. c4 Be7 11. Nc3 Bb4 12. f3 Bxc3 13. bxc3 d5 14. cxd5 exd5 15. Nxc6 bxc6 16. Bd4 dxe4 17. Bxf6 gxf6 18. fxe4 Qe5 19. Qe1 Rb8 20. Rf3 Rb2 21. Bf1 Kh8 22. Kh1 c5 23. Rg3 Rg8 24. Rxg8+ Kxg8 25. Rd1 Bb7 26. Qh4 Kg7 27. Re1 Qg5 28. Qh3 Rxa2 29. Kg1 a5 30. Qf3 a4 31. Bc4 Rc2 32. Ra1 a3 33. Rxa3 f5 34. h4 Qxh4 35. Qxf5 Rxg2+ 0-1

[Event "Oberliga Nord W 1112"]
[Site "Germany"]
[Date "2012.01.15"]
[Round "5.1"]
[White "Guennigmann, Manuel"]
[Black "Mueller, Fabian"]
[Result "0-1"]
[WhiteElo "2160"]
[BlackElo "2314"]
[PlyCount "86"]
[EventDate "2011.10.02"]
[EventType "team-tourn"]
[EventRounds "9"]
[EventCountry "GER"]
[SourceTitle "EXT 2013"]
[Source "ChessBase"]
[SourceDate "2012.11.22"]
[SourceVersion "1"]
[SourceVersionDate "2012.11.22"]
[SourceQuality "1"]
[WhiteTeam "Stade"]
[BlackTeam "Salzgitter"]
[WhiteTeamCountry "GER"]
[BlackTeamCountry "GER"]

1. e4 e5 2. Nf3 Nc6 3. Bb5 Nf6 4. 0-0 Nxe4 5. d4 Nd6 6. Bxc6 dxc6 7. dxe5 Nf5 8. Qxd8+ Kxd8 9. Nc3 Bd7 10. b3 Kc8 11. Bb2 h5 12. Rad1 Be7 13. Rd2 Nh4 14. Nxh4 Bxh4 15. f4 Re8 16. Ne2 g6 17. Nd4 c5 18. Nf3 Be7 19. c4 a5 20. h3 a4 21. Kf2 b6 22. Ke3 Bf5 23. Rg1 h4 24. Ng5 Bxg5 25. fxg5 Kb7 26. Rgd1 Kc6 27. Kf4 Reb8 28. Rc1 Rd8 29. Rcd1 Rxd2 30. Rxd2 Be6 31. Rc2 Rd8 32. bxa4 Ra8 33. a3 Rxa4 34. Ke3 Bxc4 35. Rf2 Bd5 36. Rd2 Re4+ 37. Kf2 Rf4+ 38. Kg1 Rf5 39. Re2 Rxg5 40. Bc1 Rg3 41. a4 Rc3 42. Bd2 Rc2 43. Rf2 Ra2 0-1

[Event "Oberliga Nord W 1112"]
[Site "Germany"]
[Date "2011.12.11"]
[Round "4.1"]
[White "Mueller, Fabian"]
[Black "Breutigam, Martin"]
[Result "1/2-1/2"]
[WhiteElo "2314"]
[BlackElo "2377"]
[PlyCount "50"]
[EventDate "2011.10.02"]
[EventType "team-tourn"]
[EventRounds "9"]
[EventCountry "GER"]
[SourceTitle "EXT 2013"]
[Source "ChessBase"]
[SourceDate "2012.11.22"]
[SourceVersion "1"]
[SourceVersionDate "2012.11.22"]
[SourceQuality "1"]
[WhiteTeam "Salzgitter"]
[BlackTeam "Oldenburg Union"]
[WhiteTeamCountry "GER"]
[BlackTeamCountry "GER"]

1. c4 c6 2. d4 d5 3. Nf3 Nf6 4. Nc3 dxc4 5. a4 e6 6. e3 c5 7. Bxc4 Nc6 8. 0-0 cxd4 9. exd4 Be7 10. Bg5 0-0 11. Re1 Bd7 12. Qe2 Rc8 13. Rad1 Nb4 14. Ne5 Nfd5 15. Bxe7 Qxe7 16. Bxd5 Nxd5 17. Nxd5 exd5 18. Qf3 Be6 19. Qb3 Rc7 20. Nd3 Qd6 21. Re5 f6 22. Re3 Bf5 23. Rde1 b6 24. Qb4 Qd8 25. b3 Bxd3 1/2-1/2